000 00767nam a2200229 a 4500
999 _c2606
_d2606
001 2606
003 BD-JhCC
005 20200811134007.0
008 171105s1967 bg |||| ||a| 000 0 ben d
035 _a(BD-JhCC)2606
040 _aBD-JhCC
_dBD-JhCC
041 _aben
082 _a306
_bHOS 1967
100 _aহোসেন, ইউসুফ
245 _aমধ্যযুগের পাক-ভারতীয় সংস্কৃতি /
_cইউসুফ হোসেন; ফারুক মাহমুদ (অনু.)
260 _aঢাকা :
_bবাংলা একাডেমী,
_c1967.
300 _a168 p. :
_c22 cm.
650 _aCulture
_zIndia
700 _aমাহমুদ, ফারুক
942 _2ddc
_cBK
_01